| Поле | Инд. | ПП | Название | Значение |
|---|---|---|---|---|
| Тип записи | a | |||
| Библиографический уровень | m | |||
| 001 | Контрольный номер | RU/IS/BASE/558015792 | ||
| 005 | Дата корректировки | 20260527113510.5 | ||
| 020 | a | ISBN | 978-5-534-15767-3 | |
| 040 | b | Код языка каталог. | rus | |
| e | Правила каталог. | PSBO | ||
| 041 | 0_ | a | Код языка текста | rus |
| 097 | b | Оператор | *Ж* | |
| b | Оператор | *Фа* | ||
| 100 | 1_ | a | Автор | Вологдин А.А. |
| 245 | 10 | a | Заглавие | Правовое регулирование внешнеэкономической деятельности |
| b | Продолж. заглавия | учебник и практикум для вузов | ||
| b | Продолж. заглавия | в составе учебно-методического комплекса | ||
| 250 | a | Основные сведения об издании | 7-е изд., доп. и перераб. | |
| 260 | a | Место издания | Москва | |
| b | Издательство | Юрайт | ||
| c | Дата издания | 2023 | ||
| 440 | _0 | a | Серия | Высшее образование |
| 440 | _0 | a | Серия | УМК-У |
| 516 | 8_ | a | Прим. о типе комп. файла/ данных | Текст : электронный |
| a | Прим. о типе комп. файла/ данных | Режим доступа: по подписке | ||
| a | Прим. о типе комп. файла/ данных | Дата обращения: 07.07.2022 | ||
| 520 | 0_ | a | Аннотация | Издание подготовлено на основе лекций, прочитанных автором на курсах МВА, с учетом последних изменений в законодательстве, а также арбитражной и судебной практики. Основное внимание уделено источникам правового регулирования внешнеэкономической деятельности, контрактам международной купли-продажи товаров и связанным с ними проблемам коммерческого представительства, лизинга, факторинга, перевозок, расчетов и разрешения споров. Материал учебника подробно структурирован, содержит задания для самостоятельной работы, которые помогут обучающимся овладеть приемами правового анализа практических ситуаций. Избранный автором стиль изложения делает это издание понятным и полезным как для студентов, аспирантов и преподавателей, так и для специалистов-практиков в сфере внешнеэкономической деятельности. |
| 535 | 1_ | a | Хранилище | Образовательная платформа Юрайт |
| 583 | a | Действие | Приписка : УМК | |
| 653 | 0_ | a | Ключевые слова | Внешнеэкономическая деятельность |
| a | Ключевые слова | Всемирная Торговая Организация | ||
| a | Ключевые слова | Договор купли-продажи | ||
| a | Ключевые слова | Правовая система | ||
| a | Ключевые слова | Правовое регулирование | ||
| 655 | 07 | a | Жанр/ форма (устаревшее) | У |
| 773 | 18 | w | Контрольный № источника | b9cec07690624c17b6cbdc11fe9aa37a |
| 856 | 40 | u | URL | https://urait.ru/bcode/509648 |
| 901 | t | Тип документа | m | |
| 905 | a | Дата создания записи | 21.09.21 | |
| c | Дата приписки | 27.05.26 | ||
| 952 | b | Гриф литературы для ВШ | Гриф УМО | |
| a | Тип литературы для КСУ ВШ | У1 |